|
|
|
|
| LEADER |
00000nam0a2200000 4500 |
| 001 |
267740 |
| 005 |
20231101234114.0 |
| 035 |
|
|
|a (RuTPU)RU\TPU\book\290824
|
| 090 |
|
|
|a 267740
|
| 100 |
|
|
|a 20140806d1987 k y0rusy50 ca
|
| 101 |
0 |
|
|a rus
|
| 102 |
|
|
|a BY
|
| 105 |
|
|
|a y z 001zy
|
| 200 |
1 |
|
|a Оптовая цена в хозяйственном расчете предприятий
|f Академия наук Белорусской ССР (АН БССР), Институт экономики (ИЭ) ; под ред. А. И. Авраменко
|
| 210 |
|
|
|a Минск
|c Наука и техника
|d 1987
|
| 215 |
|
|
|a 220 с.
|
| 320 |
|
|
|a Библиогр.: с. 213-218.
|
| 606 |
1 |
|
|a Хозяйственный расчет
|x Промышленные предприятия
|2 stltpush
|3 (RuTPU)RU\TPU\subj\17455
|9 43092
|
| 610 |
1 |
|
|a оптовые цены
|
| 610 |
1 |
|
|a предприятия
|
| 610 |
1 |
|
|a нормативы
|
| 610 |
1 |
|
|a формирование
|
| 610 |
1 |
|
|a ценообразование
|
| 610 |
1 |
|
|a дифференциация
|
| 675 |
|
|
|a 658.155
|v 3
|
| 702 |
|
1 |
|a Авраменко
|b А. И.
|4 340
|
| 712 |
0 |
2 |
|a Академия наук Белорусской ССР (АН БССР)
|b Институт экономики (ИЭ)
|c (Минск)
|2 stltpush
|3 (RuTPU)RU\TPU\col\11344
|
| 801 |
|
1 |
|a RU
|b 63413507
|c 20140806
|
| 801 |
|
2 |
|a RU
|b 63413507
|c 20151119
|g RCR
|
| 942 |
|
|
|c BK
|